000 00921nam a22002297a 4500
999 _c1461
_d1461
003 AR-CdUCM
008 190227b ||||| |||| 00| 0 spa d
040 _aMUNICIPALIDAD PROVINCIAL DEL CUSCO
_cBIBLIOTECA MUNICIPAL DEL CUSCO
082 _a376.51 /
_bP75
100 _aPoila, Mario
_95546
245 _aLas ruinas de Aypate /
_cPoila, Mario
260 _aPiura - Peru:
_bUniversidad de Piura ,
_c1972.
300 _a47 páginas :
_c18 cm.
440 _aColección Algarrobo
_n10
_95547
505 _aEl contexto Geografico -- Toponomastica -- Las Fuentes Historicas -- Las Ruinas -- La Piramide -- Los restos del Camino -- El cerro del Granadillo -- Conclusiones Provicionales -- Planos e Ilustraciones...
650 _aToponomastica.
_95548
650 _aArqueologia - Antropologia.
_95549
650 _aArqueologia Peruana.
_91476
700 _aPoila, Mario
_95546
942 _2ddc
_cLIBROS
945 _artm
_d2019-02-27